| 000 | 00682cam a2200181 a 4500 | ||
|---|---|---|---|
| 008 | 900723s1986 dk a b 001 0 dan | ||
| 020 | _a8770121400 | ||
| 020 | _a9788770121408 | ||
| 100 | 1 | _aTerrisse, Pierre. | |
| 245 | 1 | 0 |
_aFilatelistisk bibliografi, Danmark / _caf Pierre Terrisse. |
| 260 |
_aAarhus : _bAFA-forlaget, _c1986. |
||
| 500 | _a"Udgivelsen ... er muliggjort gennem et samarbejde mellem Danmarks filatelistforbund og AFA-forlaget"--Verso t.p. | ||
| 500 | _a"Udarbejdet som specialeoppgave ved Danmarks biblioteksskole"--Pref. | ||
| 500 | _aIncludes index. | ||
| 650 | 0 |
_aPostage stamps _zDenmark |
|
| 650 | 0 |
_aPostmarks _zDenmark |
|
| 650 | 0 |
_aStamp collecting _zDenmark |
|
| 999 |
_c3711 _d3711 |
||